Mexico : Selected Issues.

This Selected Issues paper analyzes the sources of Mexico's economic growth since the 1960s, and compares various decompositions of historical growth into trend and cyclical components. The role of the implied output gaps in the inflation process is assessed. The paper presents medium-term path...

Cijeli opis

Bibliografski detalji
Autor kompanije: International Monetary Fund
Format: Žurnal
Jezik:English
Izdano: Washington, D.C. : International Monetary Fund, 2004.
Serija:IMF Staff Country Reports; Country Report ; No. 2004/418
Online pristup:Full text available on IMF
LEADER 01547cas a2200241 a 4500
001 AALejournalIMF003397
008 230101c9999 xx r poo 0 0eng d
020 |c 5.00 USD 
020 |z 9781451825626 
022 |a 1934-7685 
040 |a BD-DhAAL  |c BD-DhAAL 
110 2 |a International Monetary Fund. 
245 1 0 |a Mexico :   |b Selected Issues. 
264 1 |a Washington, D.C. :  |b International Monetary Fund,  |c 2004. 
300 |a 1 online resource (128 pages) 
490 1 |a IMF Staff Country Reports 
500 |a <strong>Off-Campus Access:</strong> No User ID or Password Required 
500 |a <strong>On-Campus Access:</strong> No User ID or Password Required 
506 |a Electronic access restricted to authorized BRAC University faculty, staff and students 
520 3 |a This Selected Issues paper analyzes the sources of Mexico's economic growth since the 1960s, and compares various decompositions of historical growth into trend and cyclical components. The role of the implied output gaps in the inflation process is assessed. The paper presents medium-term paths for GDP based on alternative productivity growth rates. The paper also describes the significant steps Mexico has taken to strengthen the structure of its public debt in recent years, both in terms of currency composition and maturity. 
538 |a Mode of access: Internet 
830 0 |a IMF Staff Country Reports; Country Report ;  |v No. 2004/418 
856 4 0 |z Full text available on IMF  |u http://elibrary.imf.org/view/journals/002/2004/418/002.2004.issue-418-en.xml  |z IMF e-Library